000 00705nam a2200253Ia 4500
003 OSt
005 20220918110437.0
006 a|||||r|||| 00| 0
007 ta
008 220915b |||||||| |||| 00| 0 eng d
024 _a115040
037 _cReference Collections
040 _aARTS
_cARTS
_beng
041 _2eng
_aeng
082 _aO111,1M882a, L2 (RR)
100 _aClements Frank
_97753
245 0 _aT E Lawrence
_b A reader's guide
260 _aNew York
_bAbbot David & Charles
_c1972
300 _a208p.
500 _aAppendix p201
650 _aHISTORY
942 _hO111,1M882a, L2 (RR)
_cREF
999 _c112777
_d112777